LEADER 01326nam a2200241 i 4500 001 000000053677 003 CaOOAMICUS 005 20260420122125.0 008 100830s1963 ag u000 u spa u 040 $aSeMil$bita 100 1 $aOeyen, Christian,$d<1934- >.$0(OLS)http://semarc/name/26517 245 14$aLas potencias de Dios en los dos primeros siglos Cristianos :$b1: acerca de la pneumatologia de Clemente Alejandrino /$cauctore Christiano A. M. Oeyen. 264 1$aBuenos Aires :$b[s.n.],$c1963. 300 $a69 p. ;$c23 cm. 500 $aIn mezzo al front : Excerpta ex dissertatione ad Lauream in Facultate Theologica Pontificiae Universitatis Gregorianae 650 04$aClemente : Alessandrino - Pneumatologia.$0(OLS)http://semarc/subject/60020 650 4$aTesi di laurea - Estratti.$0(OLS)http://semarc/subject/58988 710 2 $aPontificia Università Gregoriana .$0(OLS)http://semarc/name/5 850 $aSeMil 852 $aSeMil$W1$xVenegono$y1$m4Z I 85$j270497$B19831$CSeMilBibl$Z2$F19833 $81 996 $6245$aLas potencias de Dios en los dos primeros siglos Cristianos :$b1: acerca de la pneumatologia de Clemente Alejandrino$9(OLS)http://semarc/title/82759 996 $6264$aBuenos Aires :$b[s.n.]$9(OLS)http://semarc/publisher/30440